El movimiento urbano popular
Sábháilte in:
| Formáid: | Téacs |
|---|---|
| Clibeanna: |
Cuir clib leis
Níl clibeanna ann, Bí ar an gcéad duine le clib a chur leis an taifead seo!
|
MARC
| LEADER | 00000 a a2200000 04500 | ||
|---|---|---|---|
| 001 | 17590 | ||
| 003 | |||
| 040 | |||
| 245 | |a El movimiento urbano popular | ||
| 500 | |a También conocida como servicio mensual de información y documentación | ||
| 773 | |g volumen 12, número 100; páginas 3-5 | ||
| 999 | |c 19815 |d 19815 | ||
